| 000 | 01432cam a22003737a 4500 | ||
|---|---|---|---|
| 003 | CHAP | ||
| 005 | 20220817041711.0 | ||
| 008 | 971013s1919 r 00010 d | ||
| 010 | _a21917 | ||
| 011 | _a22889 | ||
| 035 | _a26984 | ||
| 040 | _cCHAP | ||
| 082 |
_a378 _bA83c |
||
| 110 |
_aAsociación Nacional de Universidades e Institutos de Enseñanza Superior. México _98095 |
||
| 245 | 1 | 4 |
_aLos estudios de posgrado en México _b: catálogo |
| 260 |
_aMéxico, D.F. : _bLa Asociación, _c19 - 19 |
||
| 300 | _av. | ||
| 500 | _aContinua cómo : Catálogo de programas de posgrado en México | ||
| 500 | _aLa biblioteca tiene: 1985, 1988, 2003 (oferta educativa) | ||
| 590 |
_aBATCH-UPD _b10 _c20130110 _lUCH01 _h0239 |
||
| 590 |
_aBATCH-UPD _b10 _c20130110 _lUCH01 _h1927 |
||
| 590 |
_aBATCH-UPD _b10 _c20130409 _lUCH01 _h2305 |
||
| 590 |
_aBATCH-UPD _b10 _c20130410 _lUCH01 _h1252 |
||
| 590 |
_aBATCH-UPD _b10 _c20130914 _lUCH01 _h1244 |
||
| 590 |
_aCONVERSION _b10 _c20130109 _lUCH01 _h1313 |
||
| 650 | 1 | 4 | _aEducación superior. |
| 650 | 1 | 4 |
_aEstudios de postgrado _xMéxico. _938528 |
| 901 | _aBK | ||
| 942 | _cLIBRO | ||
| 949 |
_a378 A83c _bBC _cC _d33724000159455 _eC _f1985 _h67543 _i26984 _mD _si |
||
| 949 |
_a378 A83c _bBC _cC _d33724000398772 _eC _f1988 _h74791 _i26984 _mD _si |
||
| 949 |
_a378 A83c _bBC _cC _d33724000963971 _eC _f2003 _h106835 _i26984 _mD _sb |
||
| 949 |
_a378 A83c _bBC _cC _d33724000964037 _eC _f2003 c.2 _h106836 _i26984 _mD _sb |
||
| 999 |
_c21917 _d21917 |
||